Vývoj daňových príjmov z nepriamych daní v SR diplomová práca

Na minha lista:
Detalhes bibliográficos
Autor principal: Kabinová, Katarína
Autor Corporativo: Národohospodárska fakulta EU. Katedra financií
Outros Autores: Zubaľová, Alena, 1959-
Formato: Livro
Idioma:eslovaco
Publicado em: Bratislava 2010
Tags: Adicionar Tag
Sem tags, seja o primeiro a adicionar uma tag!

MARC

LEADER 00000nam$a2200000$$$4500
001 0118921
005 20240318123902.2
041 0 |a slo 
044 |a SK 
245 1 0 |a Vývoj daňových príjmov z nepriamych daní v SR  |b diplomová práca  |c Katarína Kabinová ; škol. Alena Zubaľová 
264 1 |a Bratislava  |c 2010 
300 |a 70 s. 
100 1 |a Kabinová, Katarína 
700 1 |a Zubaľová, Alena, 1959- 
710 2 |a Národohospodárska fakulta EU. Katedra financií